Nákup majetku na splátky v jednoduchom účtovníctve

Prechod vlastníckeho práva z predávajúceho na kupujúceho. Právo na odpočítanie dane. Majetok obstaraný na splátky - účtovný a daňový pohľad.

Guardado en:
Detalles Bibliográficos
Autor principal: Gášpárová, Eva
Formato: Capítulo de libro
Lenguaje:eslovaco
Materias:
Etiquetas: Agregar Etiqueta
Sin Etiquetas, Sea el primero en etiquetar este registro!

MARC

LEADER 00000naa a2200000 4500
001 0238899
005 20221104111113.3
041 0 |a slo 
044 |a SK 
245 1 0 |a Nákup majetku na splátky v jednoduchom účtovníctve  |c Eva Gášpárová 
520 |a Prechod vlastníckeho práva z predávajúceho na kupujúceho. Právo na odpočítanie dane. Majetok obstaraný na splátky - účtovný a daňový pohľad. 
610 2 0 |a nákup 
610 2 0 |a splátky 
610 2 0 |a účtovníctvo jednoduché 
610 2 0 |a dane 
610 2 0 |a právo vlastnícke 
100 1 |a Gášpárová, Eva